MARC

LEADER 00000nam0a2200000 4500
001 90868
005 20231031103740.0
035 |a (RuTPU)RU\TPU\book\97427 
090 |a 90868 
100 |a 20060215d1966 km y0rusy50 ca 
101 0 |a rus 
102 |a RU 
105 |a a z 001zy 
200 1 |a Алгуйский тальк: состав, свойства и применение  |f П. Г. Усов, Г. Н. Попова, С. А. Бабенко  |g Томский политехнический институт 
210 |a Томск  |c Изд-во Томского ун-та  |d 1966 
215 |a 72 с.  |c ил. 
320 |a Библиогр.: с. 70 
606 1 |a Строительные материалы, минеральные  |2 stltpush  |3 (RuTPU)RU\TPU\subj\57551 
610 1 |a тальковые месторождения 
610 1 |a тальк 
610 1 |a состав 
610 1 |a свойства 
610 1 |a применение 
610 1 |a Алгуйское месторождение 
610 1 |a труды учёных ТПУ 
610 1 |a коллекция ТПУ 
675 |a 553.6  |v 3 
700 1 |a Усов  |b П. Г.  |c химик  |c профессор Томского политехнического института, доктор технических наук  |f 1905-1977  |g Петр Григорьевич  |2 stltpush  |3 (RuTPU)RU\TPU\pers\7821 
701 1 |a Попова  |b Г. Н.  |g Галина Никифоровна 
701 1 |a Бабенко  |b С. А.  |c химик-технолог  |c доцент Томского политехнического университета  |f 1926-  |g Сергей Александрович  |2 stltpush  |3 (RuTPU)RU\TPU\pers\28899 
712 0 2 |a Томский политехнический институт  |2 stltpush  |3 (RuTPU)RU\TPU\col\1123 
801 1 |a RU  |b 63413507  |c 20060215  |g PSBO 
801 2 |a RU  |b 63413507  |c 20200220  |g PSBO 
942 |c BK